[Event "ODJM B 2018"]
[Site "Willingen GER"]
[Date "2018.05.23"]
[Round "5"]
[White "Chlechowitz, Maximilian"]
[Black "Stülcken, Philipp"]
[Result "0-1"]
[Termination "normal"]
[Board "43"]
[WhiteElo "1622"]
[BlackElo "1399"]
[PlyCount "104"]
[WhiteFideId "16222571"]
[BlackFideId "12986232"]
[EventCountry "GER"]
[EventRounds "9"]
[EventType "swiss"]
[EventDate "2018.05.19"]

1. d4 Nf6 2. Nf3 e6 3. Nbd2 d5 4. e3 Nbd7 5. Bd3 Bd6 6. e4 dxe4 7. Nxe4 Nxe4 8.
Bxe4 Nf6 9. Bd3 Bd7 10. O-O O-O 11. c4 c5 12. dxc5 Bxc5 13. Ne5 Be8 14. Qc2 Qc7
15. Re1 Bd6 16. f4 Nd7 17. Kh1 Rc8 18. Bd2 Nf6 19. Bc3 Qe7 20. a3 Bc6 21. Qf2
Rfd8 22. Bc2 b6 23. Qg3 Bb7 24. Ng4 Nh5 25. Qh3 g6 26. f5 Nf4 27. Nf6+ Qxf6 28.
Bxf6 Nxh3 29. Bxd8 Rxd8 30. fxe6 fxe6 31. Rxe6 Bxg2+ 32. Kxg2 Nf4+ 33. Kf3 Nxe6
34. Kg2 Bf4 35. Kh3 Rd2 36. Be4 Ng5+ 37. Kg4 Nxe4 38. Kxf4 Nf6 39. Kg5 Ne4+ 40.
Kf4 Nd6 41. Re1 Rxh2 42. Ke5 Nxc4+ 43. Kf6 Rf2+ 44. Ke7 Kg7 45. Ke8 Rf7 46. Re2
h5 47. Rg2 Nd6+ 48. Kd8 Kh6 49. Rd2 Nf5 50. Ke8 Rg7 51. Rf2 h4 52. Rh2 Rb7 0-1

[Event "ODJM B 2018"]
[Site "Willingen GER"]
[Date "2018.05.23"]
[Round "5"]
[White "Johlke, Lorenz"]
[Black "Uhlendorff, Luca"]
[Result "0-1"]
[Termination "normal"]
[Board "44"]
[WhiteElo "1456"]
[BlackElo "1590"]
[PlyCount "60"]
[WhiteFideId "16252853"]
[BlackFideId "16221923"]
[EventCountry "GER"]
[EventRounds "9"]
[EventType "swiss"]
[EventDate "2018.05.19"]

1. e4 c5 2. Nf3 e6 3. Nc3 a6 4. d4 cxd4 5. Nxd4 Qc7 6. g3 b6 7. Bg2 Bb7 8. O-O
Nf6 9. Re1 d6 10. e5 dxe5 11. Bxb7 Qxb7 12. Rxe5 Nc6 13. Qf3 Rc8 14. Bg5 Be7
15. Rae1 O-O 16. R5e2 Qd7 17. Nxc6 Qxc6 18. Qxc6 Rxc6 19. Rd1 h6 20. Bf4 Bb4
21. Be5 Ng4 22. Re4 Nxe5 23. Rxb4 b5 24. a4 bxa4 25. Rxa4 Rb8 26. Ra2 Kf8 27.
f4 Ng4 28. Rd2 Ne3 29. Kf2 Nc4 30. Na4 Nxd2 0-1

[Event "ODJM B 2018"]
[Site "Willingen GER"]
[Date "2018.05.23"]
[Round "5"]
[White "Ljuca, Rijad"]
[Black "Silber, Stefanie"]
[Result "1/2-1/2"]
[Termination "normal"]
[Board "45"]
[WhiteElo "1441"]
[BlackElo "1685"]
[PlyCount "63"]
[WhiteFideId "16216121"]
[BlackFideId "12918245"]
[EventCountry "GER"]
[EventRounds "9"]
[EventType "swiss"]
[EventDate "2018.05.19"]

1. e4 c6 2. d4 d5 3. e5 Bf5 4. Nf3 e6 5. Be2 c5 6. c3 Nc6 7. O-O Qc7 8. Nh4
Nge7 9. Bg5 Qb6 10. Bxe7 Bxe7 11. Nxf5 exf5 12. Qb3 Qxb3 13. axb3 cxd4 14. Bb5
O-O 15. Bxc6 bxc6 16. cxd4 Rfb8 17. Nd2 g5 18. Rfc1 Bb4 19. Nf3 Rb6 20. Rc2 Be7
21. Nd2 g4 22. Rac1 Bg5 23. Kf1 Rb4 24. g3 Rxd4 25. f4 Be7 26. Ke2 Rb4 27. Nf1
c5 28. Ne3 Re4 29. Kd3 c4+ 30. bxc4 dxc4+ 31. Nxc4 Rc8 32. Nd6 1/2-1/2

[Event "ODJM B 2018"]
[Site "Willingen GER"]
[Date "2018.05.23"]
[Round "5"]
[White "Waligora, Franciszek"]
[Black "Kögel, Josef"]
[Result "1/2-1/2"]
[Termination "normal"]
[Board "47"]
[WhiteElo "1374"]
[BlackElo "1527"]
[PlyCount "79"]
[WhiteFideId "4005120"]
[BlackFideId "16237641"]
[EventCountry "GER"]
[EventRounds "9"]
[EventType "swiss"]
[EventDate "2018.05.19"]

1. e4 c5 2. Nf3 d6 3. d4 cxd4 4. Nxd4 Nf6 5. Nc3 g6 6. Be2 Bg7 7. O-O O-O 8.
Be3 Nc6 9. Qd2 Ng4 10. Nxc6 bxc6 11. Bf4 Re8 12. Rad1 Rb8 13. Rb1 Qa5 14. Qd3
Ne5 15. Qd2 Be6 16. b3 Rb7 17. Na4 Qxd2 18. Bxd2 f5 19. exf5 Bxf5 20. Rbc1 Nd7
21. Ba6 Rbb8 22. Rfe1 e5 23. c3 d5 24. Rcd1 c5 25. Be3 d4 26. cxd4 cxd4 27.
Bc4+ Kf8 28. Bc1 Be6 29. Ba3+ Kf7 30. Bd6 Rbc8 31. Nb2 Rc6 32. Ba3 Bxc4 33.
Nxc4 Nb6 34. Nd6+ Rxd6 35. Bxd6 Nd5 36. Rc1 Nc3 37. a3 Ke6 38. Bb4 Rc8 39. Kf1
Kd5 40. Bxc3 1/2-1/2

[Event "ODJM B 2018"]
[Site "Willingen GER"]
[Date "2018.05.23"]
[Round "5"]
[White "Hoke, Joshua Sky"]
[Black "Brunner, Alexander"]
[Result "1-0"]
[Termination "normal"]
[Board "49"]
[WhiteElo "1620"]
[BlackElo "1596"]
[PlyCount "53"]
[WhiteFideId "16218272"]
[BlackFideId "12965278"]
[EventCountry "GER"]
[EventRounds "9"]
[EventType "swiss"]
[EventDate "2018.05.19"]

1. e4 d5 2. exd5 Qxd5 3. Nc3 Qa5 4. Bc4 Nf6 5. d3 Bg4 6. f3 Bd7 7. Bd2 Qe5+ 8.
Nge2 g5 9. O-O Nc6 10. Ng3 O-O-O 11. Bxf7 g4 12. Re1 Qd6 13. Bb3 h5 14. Nge4
Nxe4 15. Nxe4 Qg6 16. Ng5 gxf3 17. Qxf3 Bh6 18. Qe4 Bf5 19. Be6+ Kb8 20. Bxf5
Qf6 21. Nf3 Bxd2 22. Nxd2 Nd4 23. Be6 Rd6 24. Bb3 Qg5 25. Nf3 Qc5 26. Nxd4 Rxd4
27. Qe3 1-0

[Event "ODJM B 2018"]
[Site "Willingen GER"]
[Date "2018.05.23"]
[Round "5"]
[White "Graf, Maria"]
[Black "Riegler, Moritz"]
[Result "1/2-1/2"]
[Termination "normal"]
[Board "50"]
[WhiteElo "1537"]
[BlackElo "1606"]
[PlyCount "113"]
[WhiteFideId "12917702"]
[BlackFideId "16266030"]
[EventCountry "GER"]
[EventRounds "9"]
[EventType "swiss"]
[EventDate "2018.05.19"]

1. d4 Nf6 2. Nf3 e6 3. Bf4 d5 4. e3 c5 5. Nbd2 Be7 6. h3 Nbd7 7. c3 Nf8 8. Bd3
Ng6 9. Bh2 O-O 10. Ne5 Nd7 11. O-O Ndxe5 12. dxe5 b6 13. Nf3 Bb7 14. Re1 c4 15.
Bc2 b5 16. Nd4 b4 17. e4 Qa5 18. exd5 Bxd5 19. Be4 Bxe4 20. Rxe4 bxc3 21. bxc3
Qxc3 22. Qc1 Qd3 23. Qc2 Qxc2 24. Nxc2 Rac8 25. Rc1 Rfd8 26. Ne3 c3 27. Rc2 Rd2
28. Kf1 Rxc2 29. Nxc2 Kf8 30. Ke2 Bd8 31. g3 Ne7 32. f4 Bb6 33. Kd3 Nd5 34. g4
a5 35. a3 Ke7 36. Bg3 g6 37. Be1 Bg1 38. Bg3 Kd7 39. Ra4 Bb6 40. Ke4 Ne3 41.
Kd3 Nxc2 42. Kxc2 Kc6 43. Rc4+ Kb7 44. Rxc3 Rxc3+ 45. Kxc3 Kc6 46. Kc4 Be3 47.
Bh2 Bf2 48. a4 h6 49. f5 exf5 50. gxf5 gxf5 51. Bf4 h5 52. Bd2 Bb6 53. Bg5 Bf2
54. Bd2 Kb6 55. Kd5 Bg3 56. Bc3 Bf2 57. Bd2 1/2-1/2

[Event "ODJM B 2018"]
[Site "Willingen GER"]
[Date "2018.05.23"]
[Round "5"]
[White "Lange, Malina"]
[Black "Lorenz, Keana"]
[Result "1-0"]
[Termination "normal"]
[Board "51"]
[WhiteElo "1531"]
[BlackElo "1439"]
[PlyCount "61"]
[WhiteFideId "16228952"]
[BlackFideId "12990248"]
[EventCountry "GER"]
[EventRounds "9"]
[EventType "swiss"]
[EventDate "2018.05.19"]

1. e4 c5 2. Nf3 Nc6 3. d4 cxd4 4. Nxd4 g6 5. Nc3 Bg7 6. Be3 Nf6 7. Bc4 Ng4 8.
Nxc6 Nxe3 9. Nxd8 Nxd1 10. Rxd1 O-O 11. Nxf7 d5 12. Nxd5 e6 13. Nc7 Rb8 14. Ng5
Bxb2 15. Bxe6+ Bxe6 16. Ngxe6 Rf6 17. O-O Be5 18. f4 Bxc7 19. Nxc7 Rc8 20. Nd5
Re6 21. Rc1 Kf7 22. Rfe1 Rc4 23. e5 Rd4 24. Red1 Ra4 25. Rb1 b6 26. g3 Rxa2 27.
Nb4 Ra4 28. Rd7+ Kg8 29. Nd5 Ra2 30. Nf6+ Kf8 31. Rxh7 1-0

[Event "ODJM B 2018"]
[Site "Willingen GER"]
[Date "2018.05.23"]
[Round "5"]
[White "Becker, Lukas"]
[Black "Götz, Timon"]
[Result "1/2-1/2"]
[Termination "normal"]
[Board "52"]
[WhiteElo "1540"]
[BlackElo "1413"]
[PlyCount "44"]
[BlackFideId "16245040"]
[EventCountry "GER"]
[EventRounds "9"]
[EventType "swiss"]
[EventDate "2018.05.19"]

1. e4 c5 2. c3 Nf6 3. e5 Nd5 4. d4 e6 5. c4 Nb4 6. d5 exd5 7. cxd5 d6 8. a3
N4a6 9. Nf3 b6 10. Bb5+ Bd7 11. Qe2 Bxb5 12. Qxb5+ Qd7 13. Nc3 Nc7 14. Qxd7+
Nxd7 15. Bf4 dxe5 16. Nxe5 Nxe5 17. Bxe5 O-O-O 18. O-O-O f6 19. Bg3 Bd6 20. a4
a6 21. Rd2 Rhe8 22. Kc2 g5 1/2-1/2

[Event "ODJM B 2018"]
[Site "Willingen GER"]
[Date "2018.05.23"]
[Round "5"]
[White "Toth, Marc"]
[Black "Kieselbach, Marvin"]
[Result "1/2-1/2"]
[Termination "normal"]
[Board "53"]
[WhiteElo "1434"]
[BlackElo "1440"]
[PlyCount "45"]
[WhiteFideId "16260210"]
[BlackFideId "16235770"]
[EventCountry "GER"]
[EventRounds "9"]
[EventType "swiss"]
[EventDate "2018.05.19"]

1. e4 c6 2. d4 d5 3. exd5 cxd5 4. Bd3 Nf6 5. c3 Bg4 6. Qb3 Qc7 7. Bg5 Nbd7 8.
Nd2 e6 9. Ngf3 Bxf3 10. Nxf3 a6 11. O-O Bd6 12. Rfe1 b5 13. a4 Rb8 14. axb5
axb5 15. Bxb5 O-O 16. c4 dxc4 17. Qxc4 Qxc4 18. Bxc4 Rxb2 19. Rab1 Rfb8 20.
Rxb2 Rxb2 21. h3 h6 22. Bd2 Nb6 23. Bd3 1/2-1/2

[Event "ODJM B 2018"]
[Site "Willingen GER"]
[Date "2018.05.23"]
[Round "5"]
[White "Hagenbeck-Hübert, Jan"]
[Black "Frank, Cillian"]
[Result "1-0"]
[Termination "normal"]
[Board "54"]
[WhiteElo "1493"]
[BlackElo "1339"]
[PlyCount "78"]
[WhiteFideId "16259505"]
[BlackFideId "16245202"]
[EventCountry "GER"]
[EventRounds "9"]
[EventType "swiss"]
[EventDate "2018.05.19"]

1. e4 e5 2. Nf3 f5 3. d3 Nf6 4. Nc3 Nc6 5. Be2 Bb4 6. exf5 d5 7. O-O Bxc3 8.
bxc3 Qe7 9. Re1 O-O 10. a4 Re8 11. Bf1 Bxf5 12. h3 h6 13. Qe2 Rad8 14. Ba3 Qe6
15. Nd2 e4 16. Nb3 b6 17. Qd2 Qd7 18. Bb2 Nb8 19. Nd4 c5 20. Nxf5 Qxf5 21. d4
c4 22. Re3 Nh5 23. Kh1 Nf4 24. Bc1 g5 25. Qe1 Rf8 26. f3 Ng6 27. Kg1 Rde8 28.
fxe4 Rxe4 29. Rxe4 dxe4 30. Bxc4+ Kg7 31. Bd2 Re8 32. Qe3 Qf4 33. Rf1 Qxe3+ 34.
Bxe3 Rc8 35. Bb3 Rxc3 36. Bd2 Rc7 37. Re1 Re7 38. Bd5 Rd7 39. Bxe4 Rxd4 1-0

[Event "ODJM B 2018"]
[Site "Willingen GER"]
[Date "2018.05.23"]
[Round "5"]
[White "Hövert, Kai"]
[Black "Färber, Sophie"]
[Result "1-0"]
[Termination "normal"]
[Board "55"]
[WhiteElo "1471"]
[BlackElo "1421"]
[PlyCount "77"]
[WhiteFideId "16266056"]
[BlackFideId "16239121"]
[EventCountry "GER"]
[EventRounds "9"]
[EventType "swiss"]
[EventDate "2018.05.19"]

1. e4 e5 2. Nf3 Nc6 3. Bc4 Bc5 4. c3 Nf6 5. d4 exd4 6. cxd4 Bb4+ 7. Nc3 Nxe4 8.
O-O Bxc3 9. d5 Ne7 10. bxc3 O-O 11. Ng5 Nd6 12. Bd3 h6 13. Qh5 Ndf5 14. g4 Nd6
15. c4 Ng6 16. Nxf7 Nf4 17. Nxh6+ gxh6 18. Bxf4 Qf6 19. Bxh6 Rf7 20. Qg5+ Qxg5
21. Bxg5 Rg7 22. f4 Nf7 23. h4 d6 24. Be2 Nxg5 25. fxg5 Bd7 26. Rab1 b6 27. Rf2
Re8 28. Kg2 Re4 29. Kg3 Re3+ 30. Bf3 Rf7 31. Rb3 Re8 32. h5 Ref8 33. Rbb2 Rf4
34. Rbc2 Ba4 35. Rc3 Bd7 36. Rcc2 Ba4 37. Bg2 Rd4 38. Rxf8+ Kxf8 39. Rc3 1-0

[Event "ODJM B 2018"]
[Site "Willingen GER"]
[Date "2018.05.23"]
[Round "5"]
[White "Maul, Maik"]
[Black "König, Dominik"]
[Result "0-1"]
[Termination "normal"]
[Board "56"]
[WhiteElo "1443"]
[BlackElo "1296"]
[PlyCount "48"]
[WhiteFideId "16204816"]
[BlackFideId "16245148"]
[EventCountry "GER"]
[EventRounds "9"]
[EventType "swiss"]
[EventDate "2018.05.19"]

1. d4 Nf6 2. Nc3 e6 3. e4 c5 4. Nf3 Qa5 5. Bd2 cxd4 6. Nxd4 Qb6 7. Nb3 Nc6 8.
Bb5 d5 9. Qe2 dxe4 10. O-O-O Bd7 11. Bg5 Be7 12. Bxf6 Bxf6 13. Nxe4 Be7 14.
Nd6+ Bxd6 15. Rxd6 O-O-O 16. Rhd1 Rhe8 17. Qd3 Ne5 18. Qc3+ Nc6 19. Bxc6 Bxc6
20. Rxd8+ Rxd8 21. Rxd8+ Kxd8 22. Qd3+ Bd5 23. Qxh7 Qxf2 24. Qxg7 Qe1# 0-1

[Event "ODJM B 2018"]
[Site "Willingen GER"]
[Date "2018.05.23"]
[Round "5"]
[White "Reuter, Max"]
[Black "Ramien, Hannah"]
[Result "1-0"]
[Termination "normal"]
[Board "57"]
[WhiteElo "1518"]
[BlackElo "1274"]
[PlyCount "39"]
[WhiteFideId "16263715"]
[BlackFideId "16209982"]
[EventCountry "GER"]
[EventRounds "9"]
[EventType "swiss"]
[EventDate "2018.05.19"]

1. e4 e5 2. f4 exf4 3. Nf3 Ne7 4. d4 Ng6 5. Bc4 d6 6. Nc3 Be7 7. O-O Bg4 8. Qd3
Bxf3 9. Qxf3 Bg5 10. g3 O-O 11. gxf4 Bh6 12. f5 Bxc1 13. fxg6 Bxb2 14. gxh7+
Kh8 15. Rad1 Bxc3 16. Qxc3 Qg5+ 17. Kh1 Kxh7 18. Bxf7 Qe7 19. Qh3+ Qh4 20.
Qxh4# 1-0

[Event "ODJM B 2018"]
[Site "Willingen GER"]
[Date "2018.05.23"]
[Round "5"]
[White "Trams, Emma Joe"]
[Black "Hallfarth, Luise"]
[Result "0-1"]
[Termination "normal"]
[Board "58"]
[WhiteElo "1359"]
[BlackElo "1425"]
[PlyCount "64"]
[WhiteFideId "16206517"]
[BlackFideId "16250222"]
[EventCountry "GER"]
[EventRounds "9"]
[EventType "swiss"]
[EventDate "2018.05.19"]

1. e4 c5 2. Nf3 Nc6 3. d4 cxd4 4. Nxd4 g6 5. Nc3 Bg7 6. Be3 Nf6 7. Bc4 O-O 8.
O-O e6 9. Rb1 d5 10. exd5 exd5 11. Bb3 Qd6 12. Ndb5 Qe5 13. Nxd5 Ng4 14. Bf4
Qh5 15. h3 Nge5 16. Qxh5 gxh5 17. Ne3 Bd7 18. Nd6 Nd4 19. Bxe5 Bxe5 20. Nxb7
Nxb3 21. cxb3 Bc6 22. Nc5 Rac8 23. Nc4 Bg7 24. Rfd1 Bb5 25. Nd7 Rfd8 26. Nd6
Be2 27. Nxc8 Bxd1 28. Rxd1 Rxc8 29. Rd6 Bxb2 30. Nf6+ Kh8 31. Nxh5 Rc1+ 32. Kh2
Be5+ 0-1

[Event "ODJM B 2018"]
[Site "Willingen GER"]
[Date "2018.05.23"]
[Round "5"]
[White "Hierl, Johannes"]
[Black "Guo, Philipp Ziming"]
[Result "1-0"]
[Termination "normal"]
[Board "59"]
[WhiteElo "1355"]
[BlackElo "1453"]
[PlyCount "115"]
[WhiteFideId "16235096"]
[BlackFideId "16245199"]
[EventCountry "GER"]
[EventRounds "9"]
[EventType "swiss"]
[EventDate "2018.05.19"]

1. d4 Nf6 2. Bf4 d6 3. e3 Nbd7 4. Nf3 g6 5. Bd3 Bg7 6. Nbd2 O-O 7. Qe2 c5 8.
O-O b6 9. c4 Bb7 10. d5 Ng4 11. h3 Nge5 12. Nxe5 Nxe5 13. Bxe5 Bxe5 14. Nf3
Bxb2 15. Qxb2 Bc8 16. Rfe1 Re8 17. Bc2 Ba6 18. Ba4 Rf8 19. Bb5 Bc8 20. Bc6 Rb8
21. e4 f6 22. Qd2 Kg7 23. Qf4 Qc7 24. g4 g5 25. Qg3 h6 26. a4 a5 27. Kg2 Ba6
28. Bb5 Bb7 29. Rh1 Rh8 30. h4 Rbf8 31. hxg5 hxg5 32. Nd2 Qd8 33. Rxh8 Rxh8 34.
Rh1 Rxh1 35. Kxh1 Qh8+ 36. Qh2 Qxh2+ 37. Kxh2 Bc8 38. Kg3 Kh6 39. f4 Kg6 40.
Nf1 Kh6 41. Ne3 Kg7 42. Be8 Kf8 43. Bb5 Kg7 44. Nf5+ Kf7 45. Ne3 Kg7 46. Nf1
Kg6 47. Nh2 Kh6 48. Nf3 gxf4+ 49. Kxf4 Kg6 50. g5 Kf7 51. gxf6 Kxf6 52. e5+ Kf7
53. e6+ Kf6 54. Ng5 Kg6 55. Bd7 Ba6 56. Bb5 Bc8 57. Ne4 Bb7 58. Nxd6 1-0

[Event "ODJM B 2018"]
[Site "Willingen GER"]
[Date "2018.05.23"]
[Round "5"]
[White "Mainka, Alwin"]
[Black "Abou Wally, Adrian"]
[Result "1-0"]
[Termination "normal"]
[Board "60"]
[WhiteElo "1608"]
[BlackElo "1183"]
[PlyCount "111"]
[WhiteFideId "16241177"]
[BlackFideId "16245113"]
[EventCountry "GER"]
[EventRounds "9"]
[EventType "swiss"]
[EventDate "2018.05.19"]

1. e4 e5 2. Nf3 Nc6 3. Bb5 a6 4. Ba4 Nf6 5. O-O b5 6. Bb3 Be7 7. Re1 O-O 8. d3
Bb7 9. c3 d6 10. Nbd2 Na5 11. Bc2 Re8 12. Nf1 Bf8 13. Bg5 h6 14. Bd2 g6 15. a4
c5 16. Ng3 Bg7 17. h4 Kh7 18. h5 Bc8 19. Nh2 Bb7 20. Qe2 Nc6 21. Bb3 Re7 22.
Qf3 Qd7 23. Qe2 b4 24. Rf1 Rf8 25. f4 exf4 26. Bxf4 Ne5 27. Bxe5 Rxe5 28. Nf3
Re7 29. Nh4 Qg4 30. Qxg4 Nxg4 31. Bxf7 g5 32. Bg6+ Kg8 33. Nhf5 Rd7 34. Nxg7
Kxg7 35. Bf5 Nf6 36. Bxd7 Nxd7 37. Nf5+ Kg8 38. Nxh6+ Kh7 39. Rxf8 Nxf8 40. Nf5
d5 41. Nd6 Bc6 42. Rf1 Ne6 43. Rf7+ Kg8 44. exd5 Bxd5 45. Rf5 Bc6 46. Re5 Bd7
47. Ne4 Nf8 48. Rxg5+ Kh7 49. Rxc5 Bxa4 50. cxb4 Ne6 51. Re5 Ng7 52. Nf6+ Kh6
53. Ng4+ Kh7 54. Re7 Kh8 55. Nf6 Bb5 56. h6 1-0

[Event "ODJM B 2018"]
[Site "Willingen GER"]
[Date "2018.05.23"]
[Round "6"]
[White "Lehmann, Tim"]
[Black "Brunner, Tobias"]
[Result "1/2-1/2"]
[Termination "normal"]
[Board "1"]
[WhiteElo "1781"]
[BlackElo "1919"]
[WhiteClock "01:02:01"]
[BlackClock "01:03:15"]
[PlyCount "42"]
[WhiteFideId "12979171"]
[BlackFideId "12949833"]
[EventCountry "GER"]
[EventRounds "9"]
[EventType "swiss"]
[EventDate "2018.05.19"]

1. d4 {[%clk 1:30:57]} 1... d5 {[%clk 1:30:50]} 2. Bf4 {[%clk 1:31:21]} 2...
Nf6 {[%clk 1:30:41]} 3. e3 {[%clk 1:31:45]} 3... e6 {[%clk 1:30:38]} 4. Nf3 {
[%clk 1:31:51]} 4... Bd6 {[%clk 1:31:01]} 5. Bg3 {[%clk 1:32:14]} 5... O-O 6.
Nbd2 {[%clk 1:31:40]} 6... c5 {[%clk 1:31:02]} 7. c3 {[%clk 1:31:47]} 7... Nc6
{[%clk 1:31:23]} 8. Bd3 {[%clk 1:32:10]} 8... b6 {[%clk 1:30:08]} 9. e4 { [%clk
1:31:30]} 9... dxe4 {[%clk 1:29:11]} 10. Nxe4 {[%clk 1:31:12]} 10... Nxe4
{[%clk 1:27:27]} 11. Bxe4 {[%clk 1:31:27]} 11... Bb7 {[%clk 1:24:22]} 12. dxc5
{[%clk 1:30:40]} 12... Bxc5 {[%clk 1:21:01]} 13. O-O {[%clk 1:27:05]} 13...
Qxd1 {[%clk 1:10:01]} 14. Raxd1 {[%clk 1:26:37]} 14... f5 {[%clk 1:06:02]} 15.
Bxc6 {[%clk 1:03:12]} 15... Bxc6 {[%clk 1:02:51]} 16. Bd6 {[%clk 1:03:31]}
16... Bxd6 {[%clk 1:02:22]} 17. Rxd6 {[%clk 1:03:47]} 17... Bxf3 { [%clk
1:02:42]} 18. gxf3 {[%clk 1:03:59]} 18... Kf7 {[%clk 1:03:02]} 19. Rd7+ { [%clk
1:03:14]} 19... Kf6 {[%clk 1:02:58]} 20. Rfd1 {[%clk 1:03:23]} 20... Rf7 {[%clk
1:03:20]} 21. f4 {[%clk 1:02:01]} 21... h6 {[%clk 1:03:15]} 1/2-1/2

[Event "ODJM B 2018"]
[Site "Willingen GER"]
[Date "2018.05.23"]
[Round "6"]
[White "Pauls, Fynn"]
[Black "Brockmeyer, Tobias"]
[Result "1/2-1/2"]
[Termination "normal"]
[Board "2"]
[WhiteElo "1789"]
[BlackElo "1688"]
[WhiteClock "00:09:06"]
[BlackClock "00:07:51"]
[PlyCount "52"]
[WhiteFideId "16213149"]
[BlackFideId "12982385"]
[EventCountry "GER"]
[EventRounds "9"]
[EventType "swiss"]
[EventDate "2018.05.19"]

1. Nf3 {[%clk 1:30:58]} 1... f5 {[%clk 1:30:59]} 2. g3 {[%clk 1:31:20]} 2...
Nf6 {[%clk 1:31:27]} 3. Bg2 {[%clk 1:31:46]} 3... g6 {[%clk 1:31:52]} 4. O-O {
[%clk 1:32:12]} 4... Bg7 {[%clk 1:32:19]} 5. c4 {[%clk 1:32:30]} 5... d6 {
[%clk 1:32:34]} 6. d4 {[%clk 1:32:56]} 6... O-O {[%clk 1:32:58]} 7. Nc3 { [%clk
1:33:18]} 7... Qe8 {[%clk 1:33:17]} 8. b3 {[%clk 1:26:29]} 8... Na6 { [%clk
1:33:21]} 9. Bb2 {[%clk 1:26:24]} 9... e5 {[%clk 1:33:33]} 10. dxe5 { [%clk
1:22:58]} 10... dxe5 {[%clk 1:33:58]} 11. e3 {[%clk 1:01:46]} 11... e4 { [%clk
1:34:00]} 12. Ne1 {[%clk 0:53:58]} 12... c6 {[%clk 1:23:45]} 13. Qe2 { [%clk
0:50:01]} 13... Ng4 {[%clk 1:16:54]} 14. Rd1 {[%clk 0:46:06]} 14... Rf7 { [%clk
1:09:43]} 15. h3 {[%clk 0:36:27]} 15... Ne5 {[%clk 1:09:46]} 16. f3 { [%clk
0:36:43]} 16... exf3 {[%clk 1:05:05]} 17. Nxf3 {[%clk 0:37:10]} 17... Nxf3+
{[%clk 1:04:43]} 18. Qxf3 {[%clk 0:37:05]} 18... Be6 {[%clk 0:53:29]} 19. e4
{[%clk 0:30:51]} 19... Rd8 {[%clk 0:50:58]} 20. Qe2 {[%clk 0:25:13]} 20... Rfd7
{[%clk 0:41:22]} 21. exf5 {[%clk 0:22:55]} 21... Rxd1 {[%clk 0:36:36]} 22. Rxd1
{[%clk 0:21:48]} 22... Bxf5 {[%clk 0:33:03]} 23. Kh2 {[%clk 0:16:22]} 23... Kf7
{[%clk 0:13:32]} 24. Ne4 {[%clk 0:10:14]} 24... Bxb2 {[%clk 0:07:17]} 25. Rxd8
{[%clk 0:08:50]} 25... Qxd8 {[%clk 0:07:42]} 26. Qxb2 {[%clk 0:09:06]} 26...
Bxe4 {[%clk 0:07:51]} 1/2-1/2

[Event "ODJM B 2018"]
[Site "Willingen GER"]
[Date "2018.05.23"]
[Round "6"]
[White "Rothenberg, Jannik"]
[Black "Yeremyan, Nazik"]
[Result "0-1"]
[Termination "normal"]
[Board "3"]
[WhiteElo "1678"]
[BlackElo "1681"]
[WhiteClock "01:17:18"]
[BlackClock "01:14:34"]
[PlyCount "36"]
[WhiteFideId "16204743"]
[BlackFideId "13311468"]
[EventCountry "GER"]
[EventRounds "9"]
[EventType "swiss"]
[EventDate "2018.05.19"]

1. d4 {[%clk 1:30:57]} 1... d5 {[%clk 1:30:57]} 2. c4 {[%clk 1:31:13]} 2... e6
{[%clk 1:31:22]} 3. Nc3 {[%clk 1:31:33]} 3... Nf6 {[%clk 1:31:41]} 4. Bg5 {
[%clk 1:30:53]} 4... Nbd7 {[%clk 1:31:15]} 5. cxd5 {[%clk 1:29:09]} 5... exd5 {
[%clk 1:31:39]} 6. e3 {[%clk 1:29:32]} 6... c6 {[%clk 1:31:51]} 7. Bd3 { [%clk
1:29:40]} 7... Be7 {[%clk 1:32:15]} 8. Nge2 {[%clk 1:29:01]} 8... O-O { [%clk
1:32:29]} 9. O-O {[%clk 1:28:59]} 9... Re8 {[%clk 1:32:56]} 10. Qc2 { [%clk
1:28:18]} 10... Nf8 {[%clk 1:33:18]} 11. Rad1 {[%clk 1:27:19]} 11... Ne4 {[%clk
1:32:17]} 12. Bxe7 {[%clk 1:27:09]} 12... Qxe7 {[%clk 1:32:39]} 13. Rfe1 {[%clk
1:25:15]} 13... Nxf2 {[%clk 1:15:48]} 14. Kxf2 {[%clk 1:20:47]} 14... Qxe3+
{[%clk 1:13:57]} 15. Kf1 {[%clk 1:21:01]} 15... Re6 {[%clk 1:14:05]} 16. Ng1
{[%clk 1:17:24]} 16... Rf6+ {[%clk 1:14:19]} 17. Nf3 {[%clk 1:17:32]} 17...
Rxf3+ {[%clk 1:14:34]} 18. gxf3 {[%clk 1:17:18]} 18... Bh3+ 0-1